000 00556nam a2200193 a 4500
001 000030671
003 DO-SdBNP
005 20260304092050.0
007 ta
008 110525s1996 dr 000 0 spa d
040 _aDO-SdBNP
_bspa
_cBNPHU
049 _aBNPD
100 1 _aOrtiz Bosch, Milagros, 1936-
_eautor
_4aut.
_926797
245 1 0 _aRindo cuenta 1995-1996 /
_cMilagros Ortíz Bosch.
260 _aSanto Domingo:
_aImpreso por Ediciones Computarizadas,
_c1996.
300 _a71 p. ;
_c21 cm.
590 _aInventariado, 2025/BT
942 _2ddc
_cLBS1
999 _c30163
_d30163